000 00474nam a2200157Ia 4500
008 210716s1998 xx 000 0 und d
020 _a0-13-857459-6
041 _aeng
082 _a658.4 ROBS
100 _aRobbins, Stephen P.
245 _aOrganizational behavior: concepts controversies applications.
_bConcepts controversies applications.
250 _a8
260 _aNew Jersey
_bPrentice Hall
_c1998
300 _axxi,674,I-30
650 _aOrganisational Behavior
999 _c200740
_d200740